Cieľavedomé pripravovať aj na mimoškolskú činnosť Niektoré pozatky zo spoločensko - politickej praxe na Pedagogickej fakulte v Banskej Bystrici

Bibliographic Details
Main Author: Matejčík, Ján, 1933-1997 (Author)
Format: Article
Language:Slovak
Subjects:

MARC

LEADER 00000nab a2200000 a 4500
001 vtls000026487
003 SK-MaSNL
005 20260305023945.0
008 111103c1979 xo 0 slo
015 |a SNBRB19rr/mm-uuuuu 
035 |a CL0036581 
040 |a SNKBUCL  |b slo  |c SNKBUCL  |e AACR2 
041 0 |a slo 
044 |a xo  |c SK 
080 |a 378  |2 1981 
080 |a 371  |2 1981 
080 |a 37.03  |2 1981 
100 1 |a Matejčík, Ján,  |d 1933-1997  |4 aut  |9 37345 
245 1 0 |a Cieľavedomé pripravovať aj na mimoškolskú činnosť  |b Niektoré pozatky zo spoločensko - politickej praxe na Pedagogickej fakulte v Banskej Bystrici  |c Ján Matejčík 
610 2 7 |a Pedagogická fakulta v Banskej Bystrici  |2 snkbucl  |9 215853 
650 0 7 |a vysoké školy  |2 snkbucl  |9 1277 
651 7 |a 5100  |2 snkbucl  |9 166206 
655 7 |a články z novín a časopisov  |2 snkbucl  |9 267496 
773 0 |t Pravda  |g Roč. 60, č. 121 (25. 5. 1979), s. 4 
850 |a Slovenská národná knižnica v Martine  |a MTA001 
852 |a SNK  |b KIS3GCP 
958 |a RK 
992 |a RBX 
999 |c 3300021  |d 3301951